Szczegóły MARC21

Współczesne determinanty profilaktyki i resocjalizacji nieletnich /

005 -DATA I CZAS OSTATNIEJ MODYFIKACJI [,]
    • @
    • pole kontrolne
    • 20110712090944.0
020 -Międzynarod. znormalizowany nr książki - ISBN [ , ]
    • a
    • Numer ISBN
    • 9788362491049 Find
040 -Instytucja sporządzająca opis [ , ]
    • a
    • Instytucja, która sporządziła opis (NP)
    • SZCZ U/KLR
    • c
    • Instytucja, która sporządziła rekord (NP)
    • SZCZ U/KLR
    • d
    • Instytucja, która zmodyfikowała rekord (P)
    • SZCZ U/MM
041 -Język dokumentu [0, ]
    • a
    • Język tekstu (P)
    • polski
044 -Kraj miejsca wydania [ , ]
    • a
    • Kraj miejsca wydania
    • Polska
942 -Rodzaj dokumentu [ , ]
    • c
    • Rodzaj dokumentu
    • Książka
245 -Strefa tytułu i oznaczenia odpowiedzialności [0,0]
    • a
    • Tytuł
    • Współczesne determinanty profilaktyki i resocjalizacji nieletnich / Find
    • c
    • Pozostałe elementy strefy tytułu i oznaczenia odpowiedzialności (NP)
    • red. nauk. Sylwester Bębas.
260 -Strefa adresu wydawniczego [ , ]
    • a
    • Miejsce wydania (P)
    • Radom :
    • b
    • Nazwa wydawcy (P)
    • Wyższa Szkoła Handlowa,
    • c
    • Data wydania (P)
    • 2010.
300 -Strefa opisu fizycznego [ , ]
    • a
    • Określenie formy książki i/lub objętość (NP)
    • 472, [3] s. :
    • b
    • Oznaczenie ilustracji (NP)
    • il. ;
    • c
    • Format (NP)
    • 24 cm.
504 -Uwaga dot. bibliogr. załącznikowej [ , ]
    • a
    • Uwaga dot. bibliografii załącznikowej
    • Bibliogr.
080 -Uniwersalna Klasyfikacja Dziesiętna [ , ]
    • 2
    • Identyfikator wydania tablic
    • UDC-P058
    • 9
    • UKD
    • 3764
    • a
    • Symbol klasyfikacji
    • 364.4-053.6
    • b
    • Dopowiedzenie
    • Opieka nad młodocianymi i młodzieżą.
080 -Uniwersalna Klasyfikacja Dziesiętna [ , ]
    • 2
    • Identyfikator wydania tablic
    • UDC-P058
    • 9
    • UKD
    • 3924
    • a
    • Symbol klasyfikacji
    • 376-058.53
    • b
    • Dopowiedzenie
    • Nauczanie osób z trudnością adaptacji (niedostosowanych społecznie). Resocjalizacja.
080 -Uniwersalna Klasyfikacja Dziesiętna [ , ]
    • 2
    • Identyfikator wydania tablic
    • UDC-P058
    • 9
    • UKD
    • 3495
    • a
    • Symbol klasyfikacji
    • 343.91-053.6
    • b
    • Dopowiedzenie
    • Przestępczość nieletnich.
080 -Uniwersalna Klasyfikacja Dziesiętna [ , ]
    • 2
    • Identyfikator wydania tablic
    • UDC-P058
    • 9
    • UKD
    • 9890
    • a
    • Symbol klasyfikacji
    • 37.017:17
    • b
    • Dopowiedzenie
    • Etyczne cele, ideały nauczania. Wychowanie moralne.
080 -Uniwersalna Klasyfikacja Dziesiętna [ , ]
    • 2
    • Identyfikator wydania tablic
    • UDC-P058
    • 9
    • UKD
    • 3837
    • a
    • Symbol klasyfikacji
    • 37.015.3
    • b
    • Dopowiedzenie
    • Psychologia pedagogiczna. Psychologia wychowawcza.
980 -Symbol UKD [ , ]
    • a
    • UKD
    • 364.4-053.6:376-058.53:343.815:343.91-053.6:37.017:17:37.015.3
700 -Hasło dodatkowe - nazwa osobowa [1, ]
    • 9
    • KHW
    • 24545
    • a
    • Nazwa osobowa (NP)
    • Bębas, Sylwester Find
    • d
    • Daty biograficzne (NP)
    • (1981- ).
    • e
    • Określenie rodzaju współpracy
    • Red.
920 -ISBN [ , ]
    • a
    • ISBN
    • 978-83-62491-04-9 Find
Lokalizacja Data inwentaryzacji Status udost. Numer inwentarzowy
BG2011-06-301Z.115537